01602nam a2200253 i 4500001000700000003000900007005001700016008004100033040003000074080002100104100004500125245028500170250002400455260007000479300002700549530003900576597004300615597002400658597002100682852036300703856013101066999001901197952013201216153076ES-MaACL20230906205019.0991019s1733 sp |||| | spa d aCCPB | B bspa cCCPB | B a821.134.2-31"16"1 aCéspedes y Meneses, Gonzalo de.93769110aVaria fortuna de el soldado Pindaro / cpor D. Gonzalo de Cespedes y Meneses ... ; añadido en esta ultima impression otro libro de el mismo autor, cuyo titulo es: Historias peregrinas y exemplares con el origen, fundamentos y excelencias de España y ciudades donde sucedieron. aTercera impression. aEn Madrid : ba costa de Pedro Joseph Alonso Padilla ..., c1733. a[4], 236 p. ; c20 cm. aDisponible también en sitio web. aSign.: Sign.: [ ]4, A-Z8, 2A-2F8, 2G4. aPort. con esc. xil. aTexto a dos col. aES-MaACLjR-345 z-- Enc. hol. z-- Legado M. de la Fuente x-- Olim: D-4144 x-- Edic.: Con port. propia: "Historias peregrinas y exemplares con el origen, fundamentos y excelencias de España y ciudades adonde sucedieron / por Don Gonzalo de Cespedes y Meneses ..." (pp.[137]-236) -- Texto a dos col. -- El esc. de la port. es la marca tip. de Padilla uhttp://bibliotecadigitalhispanica.bne.es:80/webclient/DeliveryManager?pid=3176390&custom_att_2=simple_viewerzIr a la página c153076d153076 001040708Colección_digitalaATENEOMbATENEOMcDEPOd2008-01-17l0oR-345p1159928r2023-02-23 00:00:00w2023-02-23yMONANT